Les possibilités d'étude comparative de l'opinion publique à l'égard de l'administration publique (notice n° 1582207)
[ vue normale ]
| 000 -LEADER | |
|---|---|
| fixed length control field | 02278cam a2200193 4500500 |
| 005 - DATE AND TIME OF LATEST TRANSACTION | |
| control field | 20251228051738.0 |
| 041 ## - LANGUAGE CODE | |
| Language code of text/sound track or separate title | fre |
| 042 ## - AUTHENTICATION CODE | |
| Authentication code | dc |
| 100 10 - MAIN ENTRY--PERSONAL NAME | |
| Personal name | Bouckaert, Geert |
| Relator term | author |
| 245 00 - TITLE STATEMENT | |
| Title | Les possibilités d'étude comparative de l'opinion publique à l'égard de l'administration publique |
| 260 ## - PUBLICATION, DISTRIBUTION, ETC. | |
| Date of publication, distribution, etc. | 2005.<br/> |
| 500 ## - GENERAL NOTE | |
| General note | 5 |
| 520 ## - SUMMARY, ETC. | |
| Summary, etc. | RésuméL’administration publique et les services publics ont toujours occupé une place limitée dans les études comportementales des politologues. Les étudiants en administration publique ont pour leur part tendance à se concentrer sur les élites et les institutions politiques et administratives et ne tiennent généralement pas compte des citoyens dans leurs recherches comparatives. Dans cet article, nous plaidons en faveur d’une étude comparative internationale des attitudes des citoyens face à l’administration publique d’un point de vue interdisciplinaire. Nous examinons la littérature scientifique internationale disponible et décrivons les principales tendances présentes dans la pratique empirique et les approches théoriques, en particulier celles ayant un impact potentiel sur la réforme du secteur public. |
| 520 ## - SUMMARY, ETC. | |
| Summary, etc. | Potential for comparative public opinion research in public administrationPublic administration and public services have always taken a marginal place in political scientists’behavioural research. Public administration students, in contrast, tend to focus on political and administrative elites and institutions and have largely ignored citizens in comparative research. In this article, we make a plea for international comparative research on citizens’attitudes towards public administration from an interdisciplinary perspective. Available international survey material is discussed and main trends in empirical practice and theoretical approaches are outlined, especially those with a potential impact on public sector reform. |
| 700 10 - ADDED ENTRY--PERSONAL NAME | |
| Personal name | Van de Walle, Steven |
| Relator term | author |
| 700 10 - ADDED ENTRY--PERSONAL NAME | |
| Personal name | Kampen, Jarl K. |
| Relator term | author |
| 786 0# - DATA SOURCE ENTRY | |
| Note | Revue Internationale des Sciences Administratives | 71 | 2 | 2005-06-01 | p. 237-250 | 0303-965X |
| 856 41 - ELECTRONIC LOCATION AND ACCESS | |
| Uniform Resource Identifier | <a href="https://droit.cairn.info/revue-internationale-des-sciences-administratives-2005-2-page-237?lang=fr&redirect-ssocas=7080">https://droit.cairn.info/revue-internationale-des-sciences-administratives-2005-2-page-237?lang=fr&redirect-ssocas=7080</a> |
Pas d'exemplaire disponible.




Réseaux sociaux